01974nam a22002537a 450000500170000000800410001704000520005824500550011026000420016530000380020750000650024550000580031050006400036850801160100851103010112460000320142561000130145765000390147065000200150970000290152985600640155885600900162204100080171220170608110957.0130802s2012 xxu g 000 0 eng  aCO-BoUCMcAngélica RojasdAldemar Mondragón00aZero dark thirtyh[DVD]cKathryn Bigelow, director a[Washington]bColumbia Picturesc2012 a1 disco (157 min.)bsonido, color aLa noche más oscura: la mayor persecución de la historia aLa película definitiva sobre espionaje y terrorismo aSIPNOSIS: Tras varios años de trabajo de investigación de la CIA, que incluyó torturas a prisioneros detenidos en Afganistán, y gracias sobre todo a la perserverancia y decisión de la agente especial Maya (Jessica Chastain), finalmente el presidente Obama dio el visto bueno a la operación militar que acabó con la vida de Osama Bin Laden, líder de Al-Qaeda. "Zero Dark Thirty" hace referencia a la hora: las 00:30 de la madrugada del 2 de mayo de 2011, momento en que el comando SEAL de los marines penetró en la residencia de Bin Laden en Abbottabad, Pakistán, para dar caza al hombre más buscado de la historia aCREDITOS: Director Kathryn Bigelow ; Guión Mark Boal ; Música Alexandre Desplat ; Fotografía Greig Fraser aREPARTO: Jessica Chastain, Joel Edgerton, Taylor Kinney, Kyle Chandler, Jennifer Ehle, Mark Strong, Chris Pratt, Mark Duplass, Harold Perrineau, Jason Clarke, Édgar Ramírez, Scott Adkins, Frank Grillo, Lee Asquith-Coe, Fredric Lehne, James Gandolfini, Reda Kateb, Fares Fares, Stephen Dillane14aBin Laden, Osamad1957-2011 aAl Qaeda 7aGuerra de Afganistán, 2001-vDVD 7aTerrorismovDVD1 aBigelow, Kathryneeditor zVer el traileruhttps://www.youtube.com/watch?v=PqDl-YI3xKM04uhttps://www.youtube.com/watch?v=PqDl-YI3xKMzSiga este vínculo para ver el trailer. aeng